000 00787nam a22002177a 4500
003 OSt
005 20251030072151.0
008 251030b |||||||| |||| 00| 0 eng d
020 _a978-971-27-3751-0
040 _aDWCL - Main Lib
_cOC
082 _232nd Anniversary Edition
_aFil. 959.9025092 Oc15r 2022
100 _aOcampo, Ambeth R.
245 _aRizal Without the Overcoat /
_cAmbeth R. Ocampo
250 _a32nd Anniversary Edition
260 _aMandaluyong City, Philippines :
_bAnvil Publishing Inc.,
_cc2022.
300 _axi , 242 pages ;
_billustrations ;
_c23 cm.
504 _aIncludes bibliographical references.
650 _a1. Heroes - Philippines - Biography
650 _a2. Rizal, Jose A. - 1861-1896
942 _2ddc
_cBK-FIL
_e32nd Anniversary Edition
_mFil.
_n0
999 _c5354
_d5354